000 00757nam a22001697a 4500
008 100617t xxu||||| |||| 00| 0 eng d
082 _222
_a224
_bش ي خ
100 _914882
_aشيخون، محمود السيد
245 _aالإعجاز في نظم القرآن /
_cمحمود السيد شيخون
260 _aالقاهرة :
_bمكتبة الكليات الأزهرية ،1978
_c1978
300 _a121 ص ؛
_c23 سم
500 _aإهداء: علاء عبد الغني
650 _914883
_aالقرآن
_xألفاظ
650 _914884
_aالقرآن، علوم
_xألفاظ
942 _2ddc
_cBB
999 _c14118
_d14118